[Event "TOP 16 B group"]
[Site "BELFORT"]
[Date "????.??.??"]
[Round "3.12"]
[White "Savina, Anastasia"]
[Black "Wagner, Claude"]
[Result "1-0"]
[WhiteElo "2332"]
[BlackElo "2321"]
[PlyCount "133"]
[EventDate "2025.05.??"]
[WhiteTeam "VANDOEUVRE"]
[BlackTeam "BISCHWILLER"]
[WhiteTeamCountry "FRA"]
[BlackTeamCountry "FRA"]

1. d4 d5 2. c4 c6 3. Nf3 Nf6 4. Nc3 e6 5. Bg5 h6 6. Bh4 Be7 7. e3 O-O 8. Rc1
Nbd7 9. a3 a6 10. Qc2 dxc4 11. Bxc4 b5 12. Ba2 c5 13. dxc5 Nxc5 14. Bb1 g5 15.
Nxg5 hxg5 16. Bxg5 Re8 17. Rd1 Qb6 18. Rd4 Rd8 19. Bxf6 Bxf6 20. Qh7+ Kf8 21.
Rf4 e5 22. Ba2 Ra7 23. Rf3 Nd3+ 24. Kf1 Bg4 25. Rg3 Be6 26. Bxe6 Qxe6 27. Rg8+
Ke7 28. Rxd8 Kxd8 29. Qxd3+ Rd7 30. Qe4 Rd2 31. h4 Rxb2 32. Qa8+ Qc8 33. Qxc8+
Kxc8 34. Rh3 Kd7 35. Nd5 Ke6 36. Nc7+ Kd6 37. Ne8+ Ke7 38. Nxf6 Kxf6 39. h5 Kg7
40. g4 a5 41. h6+ Kh7 42. g5 a4 43. Rf3 Kg8 44. Rf6 b4 45. axb4 Rxb4 46. f3 a3
47. Ra6 Rb3 48. Kf2 Rc3 49. Ra7 Rb3 50. Ra5 Rb2+ 51. Kg3 a2 52. f4 Rb3 53. Kf2
Rb2+ 54. Kf3 exf4 55. exf4 Rh2 56. Kg3 Rb2 57. Ra7 Rc2 58. Kg4 Rb2 59. Kf3 Rb3+
60. Kg4 Rb2 61. f5 Rg2+ 62. Kf4 Rf2+ 63. Ke5 Rb2 64. g6 Re2+ 65. Kd4 fxg6 66.
fxg6 Rd2+ 67. Ke4 1-0

[Event "TOP 16 B group"]
[Site "BELFORT"]
[Date "????.??.??"]
[Round "3.13"]
[White "Ernst, Luca"]
[Black "Hamitevici, Vladimir"]
[Result "1/2-1/2"]
[WhiteElo "2222"]
[BlackElo "2423"]
[PlyCount "52"]
[EventDate "2025.05.??"]
[WhiteTeam "BISCHWILLER"]
[BlackTeam "VANDOEUVRE"]
[WhiteTeamCountry "FRA"]
[BlackTeamCountry "FRA"]

1. e4 c5 2. Nf3 d6 3. Bb5+ Nd7 4. O-O a6 5. Bxd7+ Bxd7 6. c3 c4 7. b3 b5 8. Re1
e5 9. Na3 Qc7 10. d4 Rc8 11. bxc4 bxc4 12. Rb1 Nf6 13. Rb4 d5 14. Rb1 Qa5 15.
exd5 e4 16. Nxc4 Rxc4 17. Ne5 Rc8 18. Bg5 Qa4 19. Qxa4 Bxa4 20. Rb7 Ba3 21.
Bxf6 gxf6 22. Nxf7 O-O 23. Nh6+ Kh8 24. Nf7+ Kg8 25. Nh6+ Kh8 26. Nf7+ Kg8
1/2-1/2

[Event "TOP 16 B group"]
[Site "BELFORT"]
[Date "????.??.??"]
[Round "3.14"]
[White "Brunner, Nicolas"]
[Black "Schmitt, Andre"]
[Result "1/2-1/2"]
[WhiteElo "2423"]
[BlackElo "2226"]
[PlyCount "55"]
[EventDate "2025.05.??"]
[WhiteTeam "VANDOEUVRE"]
[BlackTeam "BISCHWILLER"]
[WhiteTeamCountry "FRA"]
[BlackTeamCountry "FRA"]

1. d4 Nf6 2. c4 e6 3. Nc3 d5 4. Nf3 a6 5. cxd5 exd5 6. Qb3 Ra7 7. Bg5 Be6 8. e4
dxe4 9. d5 Bf5 10. Nh4 Bg6 11. Nxg6 hxg6 12. Nxe4 Be7 13. Nxf6+ Bxf6 14. Be3 b6
15. O-O-O Nd7 16. g3 O-O 17. h4 Re8 18. h5 gxh5 19. Rxh5 g6 20. Rh2 Nc5 21. Qa3
Ra8 22. Bg2 Rb8 23. Rdh1 Qd7 24. b4 Qa4 25. Qxa4 Nxa4 26. Kc2 Nc3 27. Bd2 Ne4
28. Bf1 1/2-1/2

[Event "TOP 16 B group"]
[Site "BELFORT"]
[Date "????.??.??"]
[Round "3.15"]
[White "Strasser, Rouben"]
[Black "Vallee, Louis"]
[Result "0-1"]
[WhiteElo "2127"]
[BlackElo "2253"]
[PlyCount "108"]
[EventDate "2025.05.??"]
[WhiteTeam "BISCHWILLER"]
[BlackTeam "VANDOEUVRE"]
[WhiteTeamCountry "FRA"]
[BlackTeamCountry "FRA"]

1. e4 e5 2. Nf3 Nc6 3. Bb5 a6 4. Bxc6 dxc6 5. O-O Bg4 6. h3 h5 7. d3 Qf6 8. Be3
Bxf3 9. Qxf3 Qxf3 10. gxf3 Bd6 11. Nd2 Ne7 12. Nc4 Ng6 13. Kh1 Kd7 14. Rg1 c5
15. c3 Rhd8 16. Rg5 Ke6 17. Rxh5 b5 18. Na5 Rh8 19. Rxh8 Rxh8 20. Kh2 Nh4 21.
Nb3 f5 22. exf5+ Kd5 23. c4+ Kc6 24. cxb5+ Kxb5 25. Kg1 Nxf3+ 26. Kf1 Nd4 27.
Bxd4 cxd4 28. Ke2 Rxh3 29. Rg1 Rh5 30. Rxg7 Rxf5 31. Nd2 Rh5 32. Rg6 Rh1 33.
Nc4 Ra1 34. a3 Rb1 35. Kf3 Kc5 36. Re6 Kd5 37. Re8 Re1 38. Nd2 Rc1 39. Nc4 Rc2
40. Kg2 Rxc4 41. dxc4+ Kxc4 42. Kf3 Kd3 43. b4 Kc2 44. Rh8 e4+ 45. Kxe4 d3 46.
Rh1 d2 47. Kd5 d1=Q+ 48. Rxd1 Kxd1 49. Kc6 Kc2 50. Kb7 Kb3 51. Kxa6 Kxa3 52.
Kb5 Bxb4 53. f4 Bd6 54. f5 c5 0-1

[Event "TOP 16 B group"]
[Site "BELFORT"]
[Date "????.??.??"]
[Round "3.16"]
[White "Nezar, Mustapha"]
[Black "Bellahcene, Sofia"]
[Result "1/2-1/2"]
[WhiteElo "2324"]
[BlackElo "2094"]
[PlyCount "101"]
[EventDate "2025.05.??"]
[WhiteTeam "VANDOEUVRE"]
[BlackTeam "BISCHWILLER"]
[WhiteTeamCountry "FRA"]
[BlackTeamCountry "FRA"]

1. c4 c5 2. Nf3 Nf6 3. g3 Nc6 4. Bg2 d5 5. cxd5 Nxd5 6. O-O e5 7. Nc3 Nc7 8. a3
f6 9. d3 Be7 10. Be3 O-O 11. Rc1 Ne6 12. Na4 Ncd4 13. Nxd4 cxd4 14. Bd2 Rb8 15.
b4 Kh8 16. Qb3 Bd7 17. Nb2 b5 18. Nd1 Qb6 19. f3 Rfc8 20. Nf2 Nc7 21. Qf7 Qe6
22. Qxe6 Bxe6 23. f4 Nd5 24. Ne4 Bg4 25. Nf2 Be6 26. f5 Bf7 27. Ne4 Nb6 28. Nc5
Bxc5 29. bxc5 Nd5 30. c6 h6 31. Rc5 Nc7 32. Rb1 Be8 33. Ba5 Na6 34. Rc2 Nc7 35.
a4 a6 36. Rc5 Kh7 37. Kf2 h5 38. axb5 axb5 39. Bxc7 Rxc7 40. Rbxb5 Rxb5 41.
Rxb5 Bxc6 42. Rc5 Bxg2 43. Rxc7 Bh3 44. e4 dxe3+ 45. Kxe3 Bxf5 46. d4 exd4+ 47.
Kxd4 Kh6 48. Rc5 Kg5 49. Ke3 Kg6 50. Kf4 Bh3 51. Ke4 1/2-1/2

[Event "TOP 16 B group"]
[Site "BELFORT"]
[Date "????.??.??"]
[Round "3.17"]
[White "Anton Guijarro, David"]
[Black "Gurel, Ediz"]
[Result "0-1"]
[WhiteElo "2642"]
[BlackElo "2636"]
[PlyCount "80"]
[EventDate "2025.05.??"]
[WhiteTeam "CHALONS EN CHAMPAGNE"]
[BlackTeam "CLICHY"]
[WhiteTeamCountry "FRA"]
[BlackTeamCountry "FRA"]

1. e4 c5 2. Nf3 e6 3. d4 cxd4 4. Nxd4 Nf6 5. Nc3 Nc6 6. a3 d6 7. Be3 Be7 8. Qe2
Nxd4 9. Bxd4 e5 10. Be3 O-O 11. O-O-O Be6 12. f3 Rc8 13. Qd2 a6 14. g4 Qc7 15.
g5 Nh5 16. Kb1 b5 17. Rg1 g6 18. Nd5 Bxd5 19. exd5 Qb7 20. Rg4 Bd8 21. c4 bxc4
22. Rxc4 Rxc4 23. Bxc4 a5 24. Qc3 Ng7 25. f4 exf4 26. Bxf4 Nf5 27. h4 Bb6 28.
h5 Qa7 29. h6 Bd4 30. Qd3 Rb8 31. Bc1 a4 32. Re1 Be5 33. Ka2 Qc5 34. Re4 Qg1
35. Qf1 Qb6 36. Qg2 Nd4 37. Be3 Qc7 38. Qf1 Nf5 39. Bb5 Qc2 40. Rxe5 dxe5 0-1

[Event "TOP 16 B group"]
[Site "BELFORT"]
[Date "????.??.??"]
[Round "3.18"]
[White "Amin, Bassem"]
[Black "Velten, Paul"]
[Result "1/2-1/2"]
[WhiteElo "2649"]
[BlackElo "2542"]
[PlyCount "45"]
[EventDate "2025.05.??"]
[WhiteTeam "CLICHY"]
[BlackTeam "CHALONS EN CHAMPAGNE"]
[WhiteTeamCountry "FRA"]
[BlackTeamCountry "FRA"]

1. Nf3 d5 2. g3 Nf6 3. Bg2 e6 4. O-O Be7 5. d3 O-O 6. c4 h6 7. b3 c5 8. Bb2 Nc6
9. cxd5 exd5 10. d4 Re8 11. Nc3 Bg4 12. dxc5 Bxc5 13. Rc1 Bf8 14. h3 Bh5 15. e3
Rc8 16. Ne2 Bg6 17. a3 Be4 18. b4 Qe7 19. Nc3 Rcd8 20. Na4 Nd7 21. Nc5 Nxc5 22.
Rxc5 a5 23. Qb3 1/2-1/2

[Event "TOP 16 B group"]
[Site "BELFORT"]
[Date "????.??.??"]
[Round "3.19"]
[White "Korobov, Anton"]
[Black "Van Wely, Loek"]
[Result "0-1"]
[WhiteElo "2631"]
[BlackElo "2609"]
[PlyCount "100"]
[EventDate "2025.05.??"]
[WhiteTeam "CHALONS EN CHAMPAGNE"]
[BlackTeam "CLICHY"]
[WhiteTeamCountry "FRA"]
[BlackTeamCountry "FRA"]

1. e4 c5 2. Nf3 d6 3. d4 cxd4 4. Nxd4 Nf6 5. Nc3 a6 6. Be3 e6 7. Be2 Qc7 8. a4
Nc6 9. O-O Be7 10. f4 O-O 11. Kh1 Re8 12. Qe1 Nxd4 13. Bxd4 e5 14. fxe5 dxe5
15. Qg3 Bd8 16. Be3 Kh8 17. a5 Be6 18. Rfd1 Rc8 19. Bb6 Qb8 20. Qe3 Bxb6 21.
axb6 Rc6 22. Rd2 Nd7 23. Nd5 Bxd5 24. exd5 Rxb6 25. Bg4 Rd6 26. Bxd7 Rxd7 27.
c4 e4 28. c5 Qe5 29. d6 f5 30. Rf1 a5 31. g4 g6 32. gxf5 gxf5 33. Rg2 Rf7 34.
Rg5 Qxb2 35. Rfg1 Qf6 36. Qg3 Rff8 37. Qh4 Qf7 38. Qe1 Qd5 39. Qc3+ Re5 40. d7
e3+ 41. R5g2 f4 42. Qxa5 Qxd7 43. Qa1 Qe6 44. c6 bxc6 45. Qa7 Qe7 46. Qa2 Rd5
47. Qb2+ Qe5 48. Qb7 Qf6 49. Ra2 Rh5 50. Rg4 Rb5 0-1

[Event "TOP 16 B group"]
[Site "BELFORT"]
[Date "????.??.??"]
[Round "3.20"]
[White "Shoker, Samy"]
[Black "Sebag, Marie"]
[Result "1/2-1/2"]
[WhiteElo "2456"]
[BlackElo "2448"]
[PlyCount "41"]
[EventDate "2025.05.??"]
[WhiteTeam "CLICHY"]
[BlackTeam "CHALONS EN CHAMPAGNE"]
[WhiteTeamCountry "FRA"]
[BlackTeamCountry "FRA"]

1. Nf3 d5 2. g3 g6 3. Bg2 Bg7 4. O-O e5 5. d3 Ne7 6. e4 O-O 7. b3 Nbc6 8. Bb2
h6 9. a3 a5 10. exd5 Nxd5 11. Nbd2 Re8 12. Re1 Nb6 13. Rb1 Nd4 14. Nxd4 exd4
15. Rxe8+ Qxe8 16. a4 c6 17. Qe1 Be6 18. Ne4 Qe7 19. Ra1 Nd5 20. Ba3 Nb4 21.
Nd2 1/2-1/2

[Event "TOP 16 B group"]
[Site "BELFORT"]
[Date "????.??.??"]
[Round "3.21"]
[White "David, Alberto"]
[Black "Le Roux, Jean-Pierre"]
[Result "1/2-1/2"]
[WhiteElo "2481"]
[BlackElo "2475"]
[PlyCount "105"]
[EventDate "2025.05.??"]
[WhiteTeam "CHALONS EN CHAMPAGNE"]
[BlackTeam "CLICHY"]
[WhiteTeamCountry "FRA"]
[BlackTeamCountry "FRA"]

1. c4 e5 2. Nc3 Nf6 3. e3 Bb4 4. Nge2 c6 5. a3 Ba5 6. b4 Bc7 7. Bb2 a5 8. b5 d5
9. bxc6 dxc4 10. Ng3 bxc6 11. Bxc4 O-O 12. Qc2 Na6 13. O-O Nc5 14. Nce2 Rb8 15.
Rab1 Ne6 16. d4 exd4 17. Nxd4 Nxd4 18. Bxd4 Rxb1 19. Rxb1 Ng4 20. Be2 Qh4 21.
Bxg4 Qxg4 22. Qxc6 Bxg3 23. hxg3 Bf5 24. Re1 h5 25. Qd6 Be6 26. Rc1 a4 27. Rc5
h4 28. gxh4 Qxh4 29. Qe5 Qg4 30. f3 Qg6 31. Kf2 Bb3 32. g4 f6 33. Qe7 Qf7 34.
Qe4 Re8 35. Qf4 Rf8 36. g5 fxg5 37. Rxg5 Qd7 38. Qh2 Rf7 39. Rh5 Rxf3+ 40. Ke1
Rf5 41. Rh8+ Kf7 42. Qg2 Rf6 43. Ra8 Qc6 44. Ra7+ Ke8 45. Qxc6+ Rxc6 46. Rxg7
Rc2 47. Ra7 Kd8 48. Bf6+ Kc8 49. e4 Ra2 50. Be7 Bc4 51. Bb4 Re2+ 52. Kd1 Rxe4
53. Kd2 1/2-1/2

[Event "TOP 16 B group"]
[Site "BELFORT"]
[Date "????.??.??"]
[Round "3.22"]
[White "Hamdouchi, Hicham"]
[Black "Bournel, Antoine"]
[Result "1/2-1/2"]
[WhiteElo "2525"]
[BlackElo "2423"]
[PlyCount "96"]
[EventDate "2025.05.??"]
[WhiteTeam "CLICHY"]
[BlackTeam "CHALONS EN CHAMPAGNE"]
[WhiteTeamCountry "FRA"]
[BlackTeamCountry "FRA"]

1. e4 c6 2. d4 d5 3. e5 Bf5 4. Nf3 e6 5. Be2 c5 6. c3 Nc6 7. O-O cxd4 8. cxd4
Nge7 9. Nc3 Bg4 10. Nh4 Bxe2 11. Nxe2 Ng6 12. Nf3 Be7 13. g3 O-O 14. h4 f6 15.
Nf4 Nxf4 16. Bxf4 Qe8 17. exf6 Rxf6 18. Re1 Qf7 19. Ng5 Qg6 20. h5 Qf5 21. Be3
Nb4 22. g4 Qc2 23. Rc1 Qxd1 24. Rexd1 Bd6 25. a3 Nc6 26. b4 a5 27. b5 Na7 28.
b6 Nc8 29. Rc3 Nxb6 30. Rb1 Nc4 31. Ne4 dxe4 32. Rxc4 Rf7 33. a4 Bb4 34. Rbc1
h6 35. Kf1 Rd7 36. Ke2 Rad8 37. Rc7 Be7 38. Bd2 Bf6 39. Bxa5 Rxc7 40. Rxc7 Rxd4
41. Bc3 Rxa4 42. Bxf6 gxf6 43. Rxb7 f5 44. Re7 Ra2+ 45. Ke3 Ra3+ 46. Ke2 Ra2+
47. Ke3 Ra3+ 48. Ke2 Ra2+ 1/2-1/2

[Event "TOP 16 B group"]
[Site "BELFORT"]
[Date "????.??.??"]
[Round "3.23"]
[White "Guilleux, Fabien"]
[Black "Belkaid, Sohan"]
[Result "0-1"]
[WhiteElo "2407"]
[BlackElo "2348"]
[PlyCount "72"]
[EventDate "2025.05.??"]
[WhiteTeam "CHALONS EN CHAMPAGNE"]
[BlackTeam "CLICHY"]
[WhiteTeamCountry "FRA"]
[BlackTeamCountry "FRA"]

1. d4 d5 2. c4 e6 3. Nc3 Nf6 4. cxd5 exd5 5. Bg5 c6 6. e3 h6 7. Bh4 Be7 8. Bd3
O-O 9. Qc2 Re8 10. Nge2 a5 11. O-O Nbd7 12. f3 b5 13. h3 Ba6 14. Bf2 Bf8 15.
Rae1 Qb8 16. Nc1 c5 17. dxc5 Nxc5 18. Be2 b4 19. Na4 Ne6 20. Bxa6 Rxa6 21. Qd3
Rc6 22. Ne2 Rcc8 23. Rc1 Qb7 24. b3 Bd6 25. Bg3 Bxg3 26. Nxg3 Qa7 27. Nf5 Rxc1
28. Rxc1 g6 29. Nd4 Nxd4 30. exd4 Nh5 31. Qd2 Qe7 32. Qxh6 Qh4 33. Nc5 Re1+ 34.
Rxe1 Qxe1+ 35. Kh2 Qg3+ 36. Kg1 Nf4 0-1

[Event "TOP 16 B group"]
[Site "BELFORT"]
[Date "????.??.??"]
[Round "3.24"]
[White "Broly, Mathilde"]
[Black "Lucas, Arthur"]
[Result "0-1"]
[WhiteElo "2077"]
[BlackElo "2328"]
[PlyCount "66"]
[EventDate "2025.05.??"]
[WhiteTeam "CLICHY"]
[BlackTeam "CHALONS EN CHAMPAGNE"]
[WhiteTeamCountry "FRA"]
[BlackTeamCountry "FRA"]

1. c4 e5 2. Nc3 d6 3. Nf3 f5 4. d4 e4 5. Ng1 Nf6 6. Nh3 c6 7. e3 Be7 8. Be2 O-O
9. Bd2 Na6 10. Qb3 Kh8 11. f3 d5 12. O-O-O dxc4 13. Bxc4 b5 14. Be2 Nc7 15. Kb1
a5 16. fxe4 fxe4 17. Ng5 Bf5 18. g4 a4 19. Qc2 Nxg4 20. h4 Nf2 21. Rh2 Nxd1 22.
Nxd1 Nd5 23. Nxe4 b4 24. Bd3 b3 25. axb3 Qb8 26. Be1 axb3 27. Qg2 Nf6 28. Ndf2
Qa7 29. Kc1 Qa1+ 30. Bb1 Ra2 31. Bc3 Rfa8 32. Nd2 Bxb1 33. Nxb1 Qxb1+ 0-1

[Event "TOP 16 B group"]
[Site "BELFORT"]
[Date "????.??.??"]
[Round "3.25"]
[White "Sadhwani, Raunak"]
[Black "Martirosyan, Haik M"]
[Result "1/2-1/2"]
[WhiteElo "2672"]
[BlackElo "2635"]
[PlyCount "55"]
[EventDate "2025.05.??"]
[WhiteTeam "AIX EN PROVENCE"]
[BlackTeam "ASNIERES"]
[WhiteTeamCountry "FRA"]
[BlackTeamCountry "FRA"]

1. e4 e5 2. Nf3 Nc6 3. Bb5 Nf6 4. O-O Nxe4 5. Re1 Nd6 6. Nxe5 Be7 7. Bf1 Nxe5
8. Rxe5 O-O 9. Nc3 Ne8 10. Nd5 Bd6 11. Re1 c6 12. Ne3 Bc7 13. Nf5 Nf6 14. Ne7+
Kh8 15. Nxc8 Qxc8 16. d3 d5 17. Qf3 Re8 18. Bd2 Qg4 19. Qxg4 Nxg4 20. h3 Nf6
21. a4 a5 22. g3 Kg8 23. Kg2 Rxe1 24. Rxe1 Re8 25. Rxe8+ Nxe8 26. d4 g6 27. Bd3
Ng7 28. c3 1/2-1/2

[Event "TOP 16 B group"]
[Site "BELFORT"]
[Date "????.??.??"]
[Round "3.26"]
[White "Esipenko, Andrey"]
[Black "Bacrot, Etienne"]
[Result "1/2-1/2"]
[WhiteElo "2695"]
[BlackElo "2633"]
[PlyCount "37"]
[EventDate "2025.05.??"]
[WhiteTeam "ASNIERES"]
[BlackTeam "AIX EN PROVENCE"]
[WhiteTeamCountry "FRA"]
[BlackTeamCountry "FRA"]

1. d4 d5 2. Nf3 Nf6 3. c4 dxc4 4. e3 e6 5. Bxc4 a6 6. O-O c5 7. b3 cxd4 8. Nxd4
Bc5 9. Bb2 b5 10. Be2 Bb7 11. Nd2 O-O 12. a4 bxa4 13. Rxa4 Nbd7 14. Bf3 Qc7 15.
Qe2 Nb6 16. Raa1 Rfc8 17. Rfc1 Qe7 18. Bxb7 Qxb7 19. h3 1/2-1/2

[Event "TOP 16 B group"]
[Site "BELFORT"]
[Date "????.??.??"]
[Round "3.27"]
[White "Van Foreest, Jorden"]
[Black "Harikrishna, Pentala"]
[Result "1/2-1/2"]
[WhiteElo "2687"]
[BlackElo "2707"]
[PlyCount "83"]
[EventDate "2025.05.??"]
[WhiteTeam "AIX EN PROVENCE"]
[BlackTeam "ASNIERES"]
[WhiteTeamCountry "FRA"]
[BlackTeamCountry "FRA"]

1. d4 Nf6 2. c4 e6 3. Nc3 Bb4 4. e3 O-O 5. a3 Be7 6. Nf3 d5 7. Bd3 dxc4 8. Bxc4
c5 9. Qe2 b6 10. O-O Bb7 11. Rd1 Nbd7 12. e4 cxd4 13. Nxd4 Qc7 14. Bg5 Ne5 15.
Ba2 Ng6 16. Rac1 Qe5 17. Nf3 Qb8 18. Nh4 Nxh4 19. Bxh4 Qf4 20. Bg3 Qh6 21. e5
Nh5 22. Ne4 Bxe4 23. Qxe4 Rad8 24. b4 Nxg3 25. hxg3 a5 26. Qb7 Qg5 27. f4 Qg4
28. Rxd8 Bxd8 29. Kf2 axb4 30. axb4 h5 31. Qf3 Qxf3+ 32. Kxf3 Be7 33. Rc6 Rb8
34. g4 Ra8 35. Bc4 hxg4+ 36. Kxg4 b5 37. Bxb5 Bxb4 38. f5 exf5+ 39. Kxf5 Be7
40. Bc4 Kf8 41. Ra6 Rxa6 42. Bxa6 1/2-1/2

[Event "TOP 16 B group"]
[Site "BELFORT"]
[Date "????.??.??"]
[Round "3.28"]
[White "Vachier-Lagrave, Maxime"]
[Black "Gozzoli, Yannick"]
[Result "1-0"]
[WhiteElo "2723"]
[BlackElo "2567"]
[PlyCount "59"]
[EventDate "2025.05.??"]
[WhiteTeam "ASNIERES"]
[BlackTeam "AIX EN PROVENCE"]
[WhiteTeamCountry "FRA"]
[BlackTeamCountry "FRA"]

1. e4 e5 2. Nf3 Nc6 3. Bb5 a6 4. Ba4 Nf6 5. O-O Be7 6. Re1 b5 7. Bb3 O-O 8. a4
b4 9. a5 d6 10. d3 Be6 11. Bxe6 fxe6 12. Nbd2 d5 13. c3 Rb8 14. exd5 Qxd5 15.
Qa4 Bc5 16. Ne4 Nxe4 17. dxe4 Qd7 18. Be3 Bxe3 19. Rxe3 Rfd8 20. Ree1 bxc3 21.
bxc3 Rb5 22. Rad1 Qe7 23. Rxd8+ Qxd8 24. Rd1 Qe7 25. h4 h6 26. g3 Rc5 27. Rd3
Nxa5 28. h5 Qf7 29. Nh4 Qxh5 30. Qb4 1-0

[Event "TOP 16 B group"]
[Site "BELFORT"]
[Date "????.??.??"]
[Round "3.29"]
[White "Cheparinov, Ivan"]
[Black "Tregubov, Pavel V"]
[Result "0-1"]
[WhiteElo "2641"]
[BlackElo "2548"]
[PlyCount "64"]
[EventDate "2025.05.??"]
[WhiteTeam "AIX EN PROVENCE"]
[BlackTeam "ASNIERES"]
[WhiteTeamCountry "FRA"]
[BlackTeamCountry "FRA"]

1. e4 e6 2. d4 d5 3. e5 c5 4. c3 Nc6 5. Nf3 Bd7 6. Be2 Rc8 7. O-O a6 8. h3 cxd4
9. cxd4 Nge7 10. Nc3 Nf5 11. Kh1 Qb6 12. Na4 Qa7 13. Be3 b5 14. Nc3 b4 15. Na4
Na5 16. b3 Bxa4 17. bxa4 Be7 18. Bf4 Nc4 19. Rc1 O-O 20. g4 Nh4 21. Nxh4 Bxh4
22. g5 h6 23. gxh6 g6 24. Qd3 Kh7 25. Be3 a5 26. Qb3 Nxe3 27. fxe3 Kxh6 28. Qd3
Kg7 29. Bg4 Bg5 30. Rg1 Qd7 31. Qb3 Rxc1 32. Rxc1 Rc8 0-1

[Event "TOP 16 B group"]
[Site "BELFORT"]
[Date "????.??.??"]
[Round "3.30"]
[White "Moussard, Jules"]
[Black "Boyer, Mahel"]
[Result "1-0"]
[WhiteElo "2597"]
[BlackElo "2521"]
[PlyCount "67"]
[EventDate "2025.05.??"]
[WhiteTeam "ASNIERES"]
[BlackTeam "AIX EN PROVENCE"]
[WhiteTeamCountry "FRA"]
[BlackTeamCountry "FRA"]

1. c4 g6 2. d4 Bg7 3. e4 d6 4. Nc3 c5 5. Nge2 Nc6 6. d5 Na5 7. Ng3 h5 8. Be2
Nf6 9. f4 h4 10. Nf1 e6 11. dxe6 Bxe6 12. Ne3 O-O 13. O-O Re8 14. f5 Bd7 15.
Bd3 Nc6 16. Ned5 Ne5 17. Bg5 Nxd5 18. Bxd8 Nxc3 19. bxc3 Raxd8 20. Bc2 g5 21.
f6 Bg4 22. Qb1 Bh8 23. Qxb7 Rd7 24. Qd5 Re6 25. Qa8+ Kh7 26. Ba4 Bxf6 27. Bxd7
Nxd7 28. Qxa7 Ne5 29. a4 Be2 30. a5 Kg6 31. a6 Bxf1 32. Rxf1 Ng4 33. Qd7 Ne3
34. Qxe6 1-0

[Event "TOP 16 B group"]
[Site "BELFORT"]
[Date "????.??.??"]
[Round "3.31"]
[White "Govciyan, Pavel"]
[Black "Maze, Sebastien"]
[Result "1/2-1/2"]
[WhiteElo "2421"]
[BlackElo "2548"]
[PlyCount "123"]
[EventDate "2025.05.??"]
[WhiteTeam "AIX EN PROVENCE"]
[BlackTeam "ASNIERES"]
[WhiteTeamCountry "FRA"]
[BlackTeamCountry "FRA"]

1. Nf3 Nf6 2. c4 g6 3. g3 Bg7 4. Bg2 O-O 5. O-O d6 6. d4 c6 7. Nc3 Bf5 8. Nh4
Be6 9. d5 cxd5 10. cxd5 Bd7 11. Be3 Na6 12. Qd2 b5 13. Bd4 b4 14. Ne4 Nxe4 15.
Bxe4 Bxd4 16. Qxd4 Qb6 17. Qd2 Nc5 18. Bg2 Rfc8 19. Qe3 b3 20. Nf3 bxa2 21.
Rxa2 Qb3 22. Qh6 Ne4 23. Rfa1 Qb6 24. Qe3 Qxe3 25. fxe3 Rab8 26. Rxa7 Nf6 27.
e4 Rxb2 28. e5 dxe5 29. Nxe5 Rd8 30. Bf3 Kf8 31. Kf2 h5 32. R1a2 Rxa2 33. Rxa2
Bf5 34. Nc6 Rd7 35. Ra5 Kg7 36. Ne5 Rc7 37. Ke3 Bg4 38. Bxg4 hxg4 39. Nd3 Rd7
40. Kd4 e6 41. e4 exd5 42. e5 Nh7 43. Nc5 Re7 44. Kxd5 Re8 45. Ne4 Rb8 46. Nd6
Rb2 47. Ra4 Rd2+ 48. Rd4 Rxh2 49. Rxg4 Rd2+ 50. Rd4 Rg2 51. Rd3 Ng5 52. Ne4 Ne6
53. Nc5 Nxc5 54. Kxc5 Rf2 55. Kd6 Kh6 56. Ke7 Kg5 57. Rd6 Rf5 58. Rf6 Rxe5+ 59.
Kxf7 Rf5 60. Rxf5+ Kxf5 61. g4+ Kxg4 62. Kxg6 1/2-1/2

[Event "TOP 16 B group"]
[Site "BELFORT"]
[Date "????.??.??"]
[Round "3.32"]
[White "Guichard, Pauline"]
[Black "Benmesbah, Natacha"]
[Result "1-0"]
[WhiteElo "2324"]
[BlackElo "2259"]
[PlyCount "145"]
[EventDate "2025.05.??"]
[WhiteTeam "ASNIERES"]
[BlackTeam "AIX EN PROVENCE"]
[WhiteTeamCountry "FRA"]
[BlackTeamCountry "FRA"]

1. d4 Nf6 2. c4 e6 3. Nc3 Bb4 4. e3 c5 5. Bd3 Nc6 6. Nge2 cxd4 7. exd4 d5 8.
cxd5 Nxd5 9. O-O O-O 10. a3 Ba5 11. Bc2 Bc7 12. Qd3 Qh4 13. g3 Qh5 14. Nxd5
exd5 15. Bf4 Re8 16. Bxc7 Rxe2 17. Bd1 Bg4 18. Bxe2 Bxe2 19. Qe3 Bxf1 20. Rxf1
h6 21. b4 Qg4 22. Bf4 g5 23. Be5 Re8 24. f4 f6 25. Qd3 Kg7 26. b5 fxe5 27. bxc6
e4 28. Qb5 bxc6 29. Qb7+ Kg8 30. Qxc6 Qe6 31. Qxe6+ Rxe6 32. fxg5 hxg5 33. Rf5
Ra6 34. Rxg5+ Kf7 35. Rxd5 Rxa3 36. Re5 e3 37. Kg2 Rd3 38. Kf3 Rxd4 39. Ra5 Rd2
40. Rxa7+ Kf6 41. Ra6+ Kf7 42. h4 e2 43. Ra1 Ra2 44. Re1 Ra3+ 45. Kf2 Kg6 46.
Rxe2 Kf5 47. Kg2 Ra1 48. Rf2+ Kg4 49. Rf4+ Kh5 50. Rf5+ Kg6 51. Rg5+ Kh6 52.
Kh3 Ra4 53. Rg4 Ra3 54. Rb4 Kh5 55. Rb5+ Kg6 56. h5+ Kh6 57. Kh4 Rc3 58. Rb6+
Kh7 59. g4 Rc4 60. h6 Rc5 61. Rf6 Rc1 62. Kg5 Rc5+ 63. Rf5 Rc6 64. Rf7+ Kg8 65.
Ra7 Rb6 66. Kh5 Rc6 67. g5 Rc5 68. Re7 Ra5 69. Kg6 Ra6+ 70. Kf5 Ra5+ 71. Kf6
Ra1 72. Re8+ Kh7 73. g6+ 1-0

[Event "TOP 16 B group"]
[Site "BELFORT"]
[Date "????.??.??"]
[Round "4.1"]
[White "Martirosyan, Haik M"]
[Black "Solodovnichenko, Yuri"]
[Result "1/2-1/2"]
[WhiteElo "2635"]
[BlackElo "2511"]
[PlyCount "55"]
[EventDate "2025.05.??"]
[WhiteTeam "ASNIERES"]
[BlackTeam "VANDOEUVRE"]
[WhiteTeamCountry "FRA"]
[BlackTeamCountry "FRA"]

1. d4 d5 2. c4 dxc4 3. Nf3 Nf6 4. e3 e6 5. Bxc4 c5 6. O-O Nc6 7. Nc3 a6 8. dxc5
Qd5 9. Qd2 Qxd2 10. Rd1 Bxc5 11. Nxd2 O-O 12. Nb3 Bb4 13. Bd2 Rd8 14. Be2 Bd7
15. Na4 Be8 16. Nac5 Rxd2 17. Rxd2 Bxd2 18. Nxd2 Nd7 19. Nde4 Nxc5 20. Nxc5 Rb8
21. Bf3 Kf8 22. Rc1 Ke7 23. h4 h6 24. a3 a5 25. Nb3 Ra8 26. Nd2 Rc8 27. Rc3 b5
28. Kf1 1/2-1/2

[Event "TOP 16 B group"]
[Site "BELFORT"]
[Date "????.??.??"]
[Round "4.2"]
[White "Fridman, Daniel"]
[Black "Esipenko, Andrey"]
[Result "1/2-1/2"]
[WhiteElo "2584"]
[BlackElo "2695"]
[PlyCount "68"]
[EventDate "2025.05.??"]
[WhiteTeam "VANDOEUVRE"]
[BlackTeam "ASNIERES"]
[WhiteTeamCountry "FRA"]
[BlackTeamCountry "FRA"]

1. Nf3 d5 2. g3 Nf6 3. Bg2 e6 4. O-O Be7 5. d4 O-O 6. c4 dxc4 7. Qc2 a6 8. a4
Bd7 9. Rd1 Bc6 10. Nc3 Nbd7 11. e4 b5 12. d5 exd5 13. e5 Nc5 14. Nd4 Bb7 15.
exf6 Bxf6 16. axb5 axb5 17. Rxa8 Qxa8 18. Ndxb5 c6 19. Nd6 Rd8 20. Nxb7 Qxb7
21. Bf1 Ne6 22. Re1 g6 23. h4 Nd4 24. Qd1 Qb3 25. Kg2 Qxd1 26. Rxd1 Rb8 27. Kg1
Kg7 28. Bg2 Ne6 29. Kf1 Nc5 30. Nxd5 cxd5 31. Bxd5 Rd8 32. Ke2 c3 33. b4 Na6
34. b5 Nc5 1/2-1/2

[Event "TOP 16 B group"]
[Site "BELFORT"]
[Date "????.??.??"]
[Round "4.3"]
[White "Cornette, Matthieu"]
[Black "Savina, Anastasia"]
[Result "1/2-1/2"]
[WhiteElo "2527"]
[BlackElo "2332"]
[PlyCount "77"]
[EventDate "2025.05.??"]
[WhiteTeam "ASNIERES"]
[BlackTeam "VANDOEUVRE"]
[WhiteTeamCountry "FRA"]
[BlackTeamCountry "FRA"]

1. e4 d6 2. d4 Nf6 3. Nc3 e5 4. Nf3 Nbd7 5. a4 Be7 6. a5 O-O 7. Be2 c6 8. O-O
Re8 9. Re1 exd4 10. Nxd4 Bf8 11. f3 d5 12. exd5 Nxd5 13. Nxd5 cxd5 14. Bf1 Ne5
15. Bf4 Ng6 16. Bg3 Rxe1 17. Qxe1 a6 18. Rd1 Bd7 19. Qc3 Ba4 20. Ra1 Rc8 21.
Qd3 Bc6 22. Kh1 Qf6 23. Nxc6 Qxc6 24. c3 Re8 25. Rd1 Rd8 26. Qd4 Bc5 27. Qg4
Qe6 28. Qxe6 fxe6 29. c4 Bb4 30. Bc7 Rc8 31. Bb6 Ne7 32. b3 Kf7 33. g3 Bc5 34.
cxd5 Nxd5 35. Rc1 Nxb6 36. axb6 Rc6 37. f4 Bxb6 38. Rxc6 bxc6 39. Bxa6 1/2-1/2